Library Logo

Islamic jurisprudence : (Record no. 97711)

000 -LEADER
fixed length control field 01076cam a22003011 4500
001 - CONTROL NUMBER
control field 10511540
003 - CONTROL NUMBER IDENTIFIER
control field BD-DhUL
005 - DATE AND TIME OF LATEST TRANSACTION
control field 20160811180606.0
008 - FIXED-LENGTH DATA ELEMENTS--GENERAL INFORMATION
fixed length control field 850227s1961 mdu b 001 0 eng
010 ## - LIBRARY OF CONGRESS CONTROL NUMBER
LC control number unk84231982
040 ## - CATALOGING SOURCE
Original cataloging agency DLC
Transcribing agency CarP
Modifying agency DLC
-- BD-DhUL
041 1# - LANGUAGE CODE
Language code of text/sound track or separate title eng
Language code of original ara
050 00 - LIBRARY OF CONGRESS CALL NUMBER
Classification number 348.97
Item number KHJ
082 ## - DEWEY DECIMAL CLASSIFICATION NUMBER
Classification number 348.97
Item number KHJ
100 1# - MAIN ENTRY--PERSONAL NAME
Personal name Shāfiʻī, Muḥammad ibn Idrīs,
Dates associated with a name 767 or 768-820.
240 10 - UNIFORM TITLE
Uniform title Risālah fī uṣūl al-fiqh.
Language of a work English
245 10 - TITLE STATEMENT
Title Islamic jurisprudence :
Remainder of title Shāfiʻī's Risāla /
Statement of responsibility, etc. translated with an introduction, notes, and appendices by Majid Khadduri.
246 30 - VARYING FORM OF TITLE
Title proper/short title Shāfiʻī's Risāla
260 ## - PUBLICATION, DISTRIBUTION, ETC. (IMPRINT)
Place of publication, distribution, etc. Baltimore :
Name of publisher, distributor, etc. Johns Hopkins Press,
Date of publication, distribution, etc. [1961].
300 ## - PHYSICAL DESCRIPTION
Extent 376 p. ;
Other physical details 23 cm.
504 ## - BIBLIOGRAPHY, ETC. NOTE
Bibliography, etc Includes bibliographical references (p. 367-372) and index.
650 #0 - SUBJECT ADDED ENTRY--TOPICAL TERM
Topical term or geographic name as entry element Islamic law
General subdivision Interpretation and construction
Form subdivision Early works to 1800.
650 #0 - SUBJECT ADDED ENTRY--TOPICAL TERM
Topical term or geographic name as entry element Shafiites
Form subdivision Early works to 1800.
700 1# - ADDED ENTRY--PERSONAL NAME
Personal name Khadduri, Majid,
Dates associated with a name 1908-2007.
906 ## - LOCAL DATA ELEMENT F, LDF (RLIN)
a 0
b cbc
c premunv
d 3
e ncip
f 19
g y-gencatlg
942 ## - ADDED ENTRY ELEMENTS (KOHA)
Source of classification or shelving scheme
Koha item type Books
Holdings
Price effective from Date last seen Permanent Location Not for loan Date acquired Source of classification or shelving scheme Koha item type Collection code Barcode Shelving location Lost status Damaged status Withdrawn status Current Location Full call number
2016-08-112016-08-11Dhaka University Library 2016-08-11 BooksNon FictionA24098General Stacks   Dhaka University Library348.97 KHJ
Last Updated on September 15, 2019
© Dhaka University Library. All Rights Reserved|Staff Login